| 000 | 00405nam a22001697a 4500 | ||
|---|---|---|---|
| 003 | OSt | ||
| 005 | 20211108155435.0 | ||
| 008 | 211108b |||||||| |||| 00| 0 eng d | ||
| 020 | _a8189652877 | ||
| 040 | _cHU | ||
| 082 | _a361.3205 | ||
| 100 |
_aSANJAY PRAKASH SHARMA _917315 |
||
| 245 | _aTECHNOLOGICAL CHANGES AND EDUCATION | ||
| 260 |
_aDELHI _bHALL _c2007 |
||
| 300 | _a258 | ||
| 942 |
_2ddc _cBOOKS _n0 |
||
| 999 |
_c17171 _d17171 |
||